000 00710nam a22002177a 4500
001 0074
003 DO-SdBNP
005 20171103131702.0
007 0074
008 151112b dr 199-? xxu||||| |||| 00| 0 spa d
040 _aBPMSU
_bspa
_cBPMSU
092 _axxxxxxx
_bxxxxxxx
100 1 0 _4Féliz Vidal, Octavio
245 1 0 _aCómo controlar los pensamientos :
_bla educación del pensamiento /
_cOctavio Féliz Vidal
260 _aSanto Domingo :
_bMansión CIEMPS
_c19--?
300 _a132 p. :
_c21 cm.
500 _aClave para lograr éxito individual y social método para alcanzar felicidad, riquiza y salud sexual
942 _2ddc
_cBK
945 _aInventariado, 2017/MFF
956 _aBrenda Tavárez
999 _c8666
_d8666